Normal view
MARC view
- The Art of Public Speaking
Entry Topical Term
001 - CONTROL NUMBER
- control field: 127591
003 - CONTROL NUMBER IDENTIFIER
- control field: NUST
005 - DATE AND TIME OF LATEST TRANSACTION
- control field: 20250115104833.0
008 - FIXED-LENGTH DATA ELEMENTS
- fixed length control field: 250115|| aca||aabn | a|a d
040 ## - CATALOGING SOURCE
- Original cataloging agency: NUST
- Transcribing agency: NUST
150 ## - HEADING--TOPICAL TERM
- Topical term or geographic name entry element: The Art of Public Speaking
670 ## - SOURCE DATA FOUND
- Source citation: Work cat.: (NUST): Stephen E. Lucas 127590, The Art of Public Speaking , 2001.
